BIBLIOTHÈQUE DE LA MAISON DU MEXIQUE

Logo 1 Logo 2

Arte teotihuacano (notice nᵒ 9888)

détails MARC
000 -Sello discográfico
campo de control de longitud fija 01202nam a2200349 4500
005 - Identificación de versión
campo de control 20251016084417.0
010 ## - Número Estándar Internacional de Libros (ISBN)
Número (ISBN) 968-36-3504-0 (obra completa)
010 ## - Número Estándar Internacional de Libros (ISBN)
Número (ISBN) 968-36-3505-9
035 ## - Otros números de control del sistema
Número de control del sistema 33423
099 ## - fechas locales
Tipo de ítem Koha LIBRO
100 ## - Datos de procesamiento general
Datos de procesamiento general 20120203d1994 m y1spay5003 ba
105 ## - Campo de datos codificados: Material textual, monográfico
Datos codificados de monografía a 001zy
200 1# - Título y mención de responsabilidad
Título propio Arte teotihuacano
Designación general del material texto impreso
Otra información del título 36 diapositivas
Primer mención de responsabilidad Texto María Elena Altamirano Piolle
205 ## - Declaración de edición
Declaración de edición 1a ed
210 ## - Publicación, distribución, etc.
Lugar de publicación, distribución, etc. México
Nombre del editor, distribuidor, etc. Universidad Nacional Autónoma de México, Instituto de Investigaciones Estéticas
Fecha de publicación, distribución, etc. 1994
215 ## - Descripción física
Designación de material específico y extensión del ítem VII, 28 p
Dimensiones 24 cm
Material acompañante CD
300 ## - Notas generales
Texto de la nota Solicitar el CD a la bibliotecaria
320 ## - Nota de índices/bibliografías internas
Texto de la nota Incluye bibliografía: p.23
345 ## - Nota de información de adquisición
Fuente de adquisición/dirección de la suscripción [OBSOLETO] Donación 'Salon du Livre 2009'
410 #1 - Series
Título Imágenes de Arte Mexicano
606 ## - Término temático usado como materia
Elemento de entrada Indios de México
Subdivisión temática Arte
Número Koha 1594
607 ## - Nombre geográfico utilizado como tema
Elemento de entrada Teotihuacán, (Estado de México, México : Sitio arqueológico)
Subdivisión temática Antigüedades
Número Koha 22
660 ## - Código de área geográfica
Código MX
700 ## - Nombre personal - Responsabilidad primaria
Elemento de entrada Altamirano Piolle
Parte del nombre distinta del elemento de entrada María Elena
Número Koha 10185
801 #0 - Fuente de origen
País FR
Agencia cm
Reglas de catalogación (convenciones descriptivas) AFNOR
900 ## -
-- 1/4965
900 ## -
-- 7100316723\131103
942 ## - ELEMENTOS DE ENTRADA SECUNDARIOS (KOHA)
Tipo de ítem Koha Livre
996 ## -
-- MEX
-- 751145101
-- MMAG
-- 001647
-- 700.89 A465AR
-- 20120202LIV
Exemplaires
Estatus retirado Estado de daño Estado de pérdida Fecha de adquisición Biblioteca de origen Biblioteca actual Ubicación en estantería Código de barras Precio de reemplazo Signatura topográfica completa No para préstamo Tipo de ítem Koha Nota pública Nota no pública
      05/08/2025 Casa México Paris Casa México Paris   001647 05/08/2025 700.89 A465AR   Livre 20120202LIV 751145101